=LDR 00000nam 2200000 4500 =001 INLIS000000000054907 =005 20200303075058 =035 ##$$a 0010-0320000014 =007 ta =008 200303###########################0#ind## =020 ##$$a 978-602-350-196-0 =082 ##$$a 362.72 =084 ##$$a 362.72 Abu k =245 1#$$a Kekerasan Terhadap Anak /$c Dr. Abu Huraerah,M.Si. =250 ##$$a Cet 4 =300 ##$$a 384 halaman ; $c 23 Cm. =650 #4$$a Kekejaman Terhadap Anak =700 #$$a Editor : Mathori A. Elwa =264 ##$$a Bandung :$b Nuansa Cendikia,$c 2018 =336 ##$$a teks$2 rdacontent =337 ##$$a lain-lain$2 rdamedia =338 ##$$a lain-lain$2 rdacarrier =990 ##$$a 15581558 =990 ##$$a 15581558